Pedagogia. Vol. I : per il primo anno delle scuole normali. Sesta edizione

Saved in:
Bibliographic Details
Main Author: Rossi, Pietro
Format: Book
Language:Italian
Published: Torino G. B. Paravia e C. 1910
Textbook Catalogue:EDISCO:  Library Catalog Search Result
Textbook Classification:
Series:Bibliotecadi filosofia e pedagogia 55
Tags: Add Tag
No Tags, Be the first to tag this record!
Added to:2016-04-30
Changed in:2017-10-04

MARC

LEADER 00000aam a22000005 4500
001 14708
003 OSt
005 20171004085628.0
008 160501s1910 it 000 0 ita
040 |c Elena Facco - Padova - CUBI 
041 1 |a ita 
100 1 |a Rossi, Pietro 
245 0 0 |a Pedagogia. Vol. I : per il primo anno delle scuole normali. Sesta edizione 
260 |a Torino  |b G. B. Paravia e C.  |c 1910 
300 |a VIII, 146, 1/3 ;   |c in 16° 
490 1 |a Bibliotecadi filosofia e pedagogia 55 
510 3 |a L. 1.70 
901 |a 5 
942 |2 ddc  |c BK 
546 |a ita 
999 |c 14697  |d 14697 
999 |c edisco:14697  |d 14697